<?xml version="1.0" encoding="UTF-8"?>
<record
    xmlns:xsi="http://www.w3.org/2001/XMLSchema-instance"
    xsi:schemaLocation="http://www.loc.gov/MARC21/slim http://www.loc.gov/standards/marcxml/schema/MARC21slim.xsd"
    xmlns="http://www.loc.gov/MARC21/slim">

  <leader>02311    a2200157   4500</leader>
  <datafield tag="999" ind1=" " ind2=" ">
    <subfield code="c">25714</subfield>
    <subfield code="d">25714</subfield>
  </datafield>
  <datafield tag="020" ind1=" " ind2=" ">
    <subfield code="a">9780190905200</subfield>
  </datafield>
  <datafield tag="082" ind1=" " ind2=" ">
    <subfield code="a">303.4840973</subfield>
    <subfield code="b">HAW-A</subfield>
  </datafield>
  <datafield tag="100" ind1=" " ind2=" ">
    <subfield code="a">Hawley, George </subfield>
  </datafield>
  <datafield tag="245" ind1=" " ind2=" ">
    <subfield code="a">Alt-Right</subfield>
    <subfield code="b">: what everyone needs to know</subfield>
  </datafield>
  <datafield tag="260" ind1=" " ind2=" ">
    <subfield code="b">Oxford University Press</subfield>
    <subfield code="c">2019</subfield>
    <subfield code="a">New York</subfield>
  </datafield>
  <datafield tag="300" ind1=" " ind2=" ">
    <subfield code="a">xi, 248p.</subfield>
  </datafield>
  <datafield tag="504" ind1=" " ind2=" ">
    <subfield code="a">Include Index</subfield>
  </datafield>
  <datafield tag="520" ind1=" " ind2=" ">
    <subfield code="a">In recent years, the so-called Alt-Right, a white nationalist movement, has grown at an alarming rate. Taking advantage of high levels of racial polarization, the Alt-Right seeks to normalize explicit white identity politics. Growing from a marginalized and disorganized group of Internet trolls and propagandists, the Alt-Right became one of the major news stories of the 2016 presidential election, and exploded into public consciousness after its march through Charlottesville in summer 2017. Discussions of the Alt-Right are now a regular part of political discourse in the United States and beyond. In The Alt-Right: What Everyone Needs to Know(R), George Hawley, one of the world's leading experts on the conservative movement and right-wing radicalism, provides a clear explanation of the ideas, tactics, history, and prominent figures of one of the most disturbing movements in America today. Although it presents itself as a new phenomenon, the Alt-Right is just the latest iteration of a longstanding radical right-wing political tradition. Throughout, Hawley discusses the other primary ideological influences on the Alt-Right: libertarianism, paleoconservatism, neo-reaction, and the Men's Rights Movement. The Alt-Right represents a genuine challenge to pluralistic liberal democracy, but its size and influence are often exaggerated. Whether intentionally or not, President Donald Trump energized the Alt-Right in 2016, yet conflating Trump's variety of right-wing politics with the Alt-Right causes many observers to both overestimate the Alt-Right's size and downplay its radicalism. Hawley provides a tour of the contemporary radical right, and explains how it differs from more mainstream varieties of conservatism. Dispassionate and accessible, this is an essential overview for anyone seeking to understand to this disruptive and dangerous political movement.</subfield>
  </datafield>
  <datafield tag="650" ind1=" " ind2=" ">
    <subfield code="a">White supremacy movements</subfield>
    <subfield code="v">nationalism</subfield>
    <subfield code="z">United States</subfield>
  </datafield>
  <datafield tag="942" ind1=" " ind2=" ">
    <subfield code="2">ddc</subfield>
    <subfield code="c">BK</subfield>
  </datafield>
  <datafield tag="952" ind1=" " ind2=" ">
    <subfield code="0">0</subfield>
    <subfield code="1">0</subfield>
    <subfield code="4">0</subfield>
    <subfield code="7">0</subfield>
    <subfield code="a">NASSDOC</subfield>
    <subfield code="b">NASSDOC</subfield>
    <subfield code="d">2019-12-26</subfield>
    <subfield code="e">OP</subfield>
    <subfield code="g">653.35</subfield>
    <subfield code="i">2019-12-20</subfield>
    <subfield code="l">0</subfield>
    <subfield code="o">303.4840973 HAW-A</subfield>
    <subfield code="p">50537</subfield>
    <subfield code="r">2019-12-26 00:00:00</subfield>
    <subfield code="v">895.00</subfield>
    <subfield code="w">2019-12-26</subfield>
    <subfield code="y">BK</subfield>
  </datafield>
</record>
